Statistiques concernant Reptiles de France Métropolitaine

Cliquez ici pour prendre le quiz!

Statistiques générales

  • Ce quiz a été pris 10 fois
  • Le résultat moyen est 5 sur 34

Statistiques - réponses

Réponse% Correct
Orvet Fragile
78%
Vipère Aspic
44%
Tortue d'Hermann
33%
Tortue Luth
33%
Lezard Ocellé
22%
Seps Strié
22%
Tortue de Floride
22%
Cistude
11%
Coronelle Girondine
11%
Coronelle Lisse
11%
Couleuvre à collier
11%
Couleuvre Verte et Jaune
11%
Couleuvre Vipérine
11%
Hémadactyle verruqueux
11%
Lezard Catalan
11%
Lezard d'Aurelio
11%
Lezard de Bonnal
11%
Lezard des murailles
11%
Lezard du Val d'Aran
11%
Lezard vert occidental
11%
Psammodrome Algire
11%
Psammodrome d'Edwards
11%
Tarente de Maurétanie
11%
Tortue Caouanne
11%
Tortue Grecque
11%
Vipère Péliade
11%
Couleuvre à échelons
0%
Couleuvre de Montpellier
0%
Couleuvre d'esculape
0%
Emyde Lépreuse
0%
Lezard des souches
0%
Lezard Vivipare
0%
Vipère de Seoane
0%
Vipère d'Orsini
0%

Distribution des résultats

Percentile par nombre de réponses

% des personnes avec chaque résultat

Votre développement - résultats

Vous n’avez pas pris ce quiz